Ultima stagione in Serie A per squadra - Quiz n°4 - Statistics

Statistiche generali
  • Questo quiz è stato fatto 13 volte
  • Il punteggio medio è 5 su 10
Statistiche sulle risposte
Hint Risposta % Corretto
Genoa 2023-2024
92%
Salernitana 2023-2024
92%
Pescara 2016-2017
83%
Lecce 2023-2024
75%
Messina 2006-2007
58%
Sampierdarenese 1942-1943
50%
Foggia 1994-1995
33%
Lucchese 1951-1952
17%
Vicenza 2000-2001
17%
Pro Patria 1955-1956
8%
Nessun quiz corrispondente trovato
Distribuzione punteggi
Percentuale di utenti per punteggio
Percentile per numero di risposta
I tuoi punteggi nel tempo
Non hai fatto questo quiz